Sports Quiz

Random Sports Quiz
Score 0/133 Timer 10:00
0 Plays Today
Indices Réponse % Correct
Gardien (France / 2011-...)Ruffier
98.2%
Gardien (France / 1997-2011)Janot
92.1%
Gardien (France / 2010-...)Moulin
92.1%
Défenseur (France / 2003-...)Perrin
90.5%
Défenseur (Sénégal / 2006-2016)Bayal Sall
83.6%
Attaquant (Slovénie / 2015-...)Beric
77.7%
Attaquant (Gabon / 2010-2013)Aubameyang
76.8%
Attaquant (France / 2012-...)Hamouma
74%
Défenseur (France / 2017-...)Debuchy
73.5%
Gardien (France / 2019-...)Bajic
71.8%
Défenseur (France / 2018-...)Saliba
68.2%
Défenseur (Pérou / 2019-...)Trauco
68.1%
Milieu (France / 2017-...)M'Vila
66.3%
Défenseur (Brésil / 2017-...)Silva
64.3%
Défenseur (Algérie / 2010-2014)Ghoulam
63%
Attaquant (Tunisie / 2018-...)Khazri
62.7%
Attaquant (Gabon / 2019-...)Bouanga
60.5%
Attaquant (Brésil / 2012-2014)Brandao
59.4%
Défenseur (France / 2018-...)Fofana
59.2%
Attaquant (Côte d'Ivoire / 2011-2015)Gradel
59.2%
Défenseur (Suisse / 2016-...)Lacroix
58.6%
Milieu (Norvège / 2015-2019)Selnaes
57.8%
Milieu (France / 2011-2017)Lemoine
57.2%
Milieu (Algérie / 2019-...)Boudebouz
54.2%
Attaquant (Norvège / 2015-2018)Soderlund
51.1%
Attaquant (France / 2017-...)Diony
50.3%
Gardien (France / 2016-2017)Maisonnial
50%
Milieu (France/ 2011-2017)Clément
49.9%
Défenseur (France / 2012-2016)Clerc
48.6%
Milieu (France / 2019-...)Youssouf
47.7%
Défenseur (Cameroun / 2019-...)Moukoudi
47.3%
Milieu (France / 2012-2016)Cohade
47%
Milieu (France / 2017-2019)Cabella
46.5%
Attaquant (Turquie / 2013-2015)Erding
46.3%
Défenseur (France / 2011-2014)Zouma
45.9%
Attaquant (France / 2007-2011)Payet
45.9%
Milieu (France / 2018-...)Camara
45.3%
Attaquant (France / 2014-...)Monnet-Paquet
44.8%
Milieu (France / 2007-2011)Matuidi
44.5%
Défenseur (France / 2011-2016)Brison
44.1%
Attaquant (France / 2016-...)Nordin
43.7%
Milieu (France / 2019-...)Cabaye
43.6%
Défenseur (Allemagne / 2017-2019)Subotic
43.5%
Défenseur (France / 2019-...)Palencia
43%
Attaquant (France / 2018-...)Abi
42.8%
Indices Réponse % Correct
Défenseur (Guinée / 2013-2018)Pogba
41.6%
Milieu (France / 2009-2014)Guilavogui
40%
Attaquant (Argentine / 2009-2011)Bergessio
38.9%
Attaquant (France / 2012-2016)Mollo
35.7%
Défenseur (États-Unis / 2010-2012)Bocanegra
35.7%
Milieu (France / 2019-...)Benkhedim
32.1%
Milieu (Côte d'Ivoire / 2019-...)Aholou
30.7%
Défenseur (France / 2005-2010)Dabo
30.6%
Milieu (Mali / 2016-2018)Dabo
30.6%
Attaquant (France / 2019-...)Honorat
29.3%
Milieu (France / 2015-2018)Pajot
28.7%
Attaquant (Maroc / 2015-2018)Tannane
28.6%
Défenseur (France / 2013-2016)Tabanou
28.2%
Milieu (Sénégal / 2017-...)Dioussé
28%
Attaquant (Mali / 2009-2013)Sako
27.1%
Défenseur (France / 2014-2018)Théophile-Catherine
26.9%
Milieu (Roumanie / 2011-2014)Nicolita
25.9%
Attaquant (France / 2015-2017)Roux
25.7%
Milieu (Cap Vert / 2016-2017)Rocha Santos
24.6%
Attaquant (Belgique / 2008-2010)Mirallas
24.5%
Défenseur (Sénégal / 2016-2018)M'Bengue
24.2%
Défenseur (France / 2013-2014)Trémoulinas
23.6%
Défenseur (France / 2015-2017)Malcuit
23%
Attaquant (France / 2014-2018)Bamba
22.9%
Défenseur (France / 2011-2014)Mignot
22.6%
Attaquant (Côte d'Ivoire / 2009-2011)Sanogo
22.5%
Milieu (France / 2013-2017)Corgnet
22.3%
Défenseur (Tunisie / 2008-2011)Benalouane
21.8%
Attaquant (France / 2018-2019)Gueye
21.7%
Défenseur (France / 2010-2012)Marchal
21.6%
Défenseur (France / 2018-...)Kolodziejczak
21.1%
Attaquant (Pays-Bas / 2014-2015)Van Wolfswinkel
20.9%
Milieu (Suisse / 2009-2010)Fernandes
20.5%
Milieu (France / 2006-2011)Landrin
20.2%
Défenseur (Suisse / 2017-2018)Janko
20.2%
Milieu (Argentine / 2010-2013)Alonso
20%
Milieu (Argentine (2009-2010)Augusto Fernandez
19.7%
Milieu (Argentine / 2018-2019)Vada
19.3%
Milieu (France / 2016-2017)Veretout
19%
Défenseur (France / 2010-2012)Ebondo
18.8%
Défenseur (France / 2008-2011)Monsoreau
18.6%
Défenseur (France / 2015-2017)Polomat
17.8%
Attaquant (Guinée Bissau / 2019-...)Indjai Correia
17.4%
Milieu (Brésil / 2017-2018)Hernani
16.4%
Défenseur (Brésil / 2012-2013)Paulao
15.9%
Indices Réponse % Correct
Attaquant (France / 2013-2015)Saint-Maximin
15.8%
Milieu (Maroc / 2018-2019)Aït Bennasser
15.6%
Milieu (Sénégal / 2016-2017)Saivet
15.5%
Milieu (Côte d'Ivoire / 2016-2018)Maïga
15.2%
Attaquant (France / 2015-2016)Maupay
14.6%
Milieu (Cap Vert / 2015-2016)Pinheiro
14.5%
Attaquant (Côte d'Ivoire / 2013-2014)Sissoko
14.4%
Milieu (France / 2012-2013)Bodmer
14.3%
Milieu (Sénégal / 2009-2011)N'Daw
14.2%
Défenseur (France / 2015-2018)Pierre-Gabriel
13.9%
Milieu (France / 2011-2016)Diomandé
13.9%
Attaquant (Cameroun / 2017-2018)Ntep
13.9%
Milieu (France / 2010-2012)Batlles
13.7%
Attaquant (France / 2008-2012)Rivière
13.5%
Milieu (Cameroun / 2014-2015)N'Guemo
13.1%
Défenseur (France / 2010-2012)Néry
12.7%
Milieu (France / 2015-2016)Eysseric
12.3%
Attaquant (France / 2011-2013)Mayi
12.2%
Attaquant (France / 2016-2017)Saint-Louis
12%
Attaquant (Algérie / 2010-2014)Saadi
11.8%
Attaquant (Croatie / 2011-2013)Aleksic
11.8%
Attaquant (France / 2018-2019)Salibur
11.7%
Défenseur (France / 2008-2011)Andreu
11.6%
Défenseur (Cameroun / 2015-2016)Assou-Ekotto
11.3%
Attaquant (Cap Vert / 2017-2018)Dias Goncalves
10.9%
Défenseur (France / 2014-2015)Baysse
10.5%
Défenseur (France / 2018-2019)Panos
10.3%
Attaquant (France / 2011-2012)Sinama-Pongolle
10%
Défenseur (France / 2007-2010)Varrault
9.9%
Défenseur (France / 2016/2017)Nadé
8.7%
Attaquant (France / 2011-2012)Kitambala
8%
Milieu (France / 2006-2010)Hautcoeur
7.5%
Défenseur (Sénégal / 2010)Diakhaté
7.4%
Milieu (France / 2011-2012)Malbranque
7.4%
Attaquant (Sénégal / 2007-2010)Faye
7.3%
Attaquant (France / 2016-2019)Ghezali
7.1%
Défenseur (France / 2014-2017)Karamoko
7.1%
Défenseur (France / 2011-2012)Cros
7.1%
Attaquant (France / 2016-2017)Jorginho
7%
Attaquant (France / 2015-2016)Bahebeck
7%
Attaquant (France / 2010-2012)Ravet
6.5%
Milieu (France / 2017-2018)Souici
4.4%
Attaquant (France / 2016-2017)Keyta
3.1%
Remove Ads.
Support Sporcle.
Get the best of Sporcle when you Go Orange. This ad-free experience offers more features, more stats, and more fun while also helping to support Sporcle. Thank you for becoming a member.

You're not logged in!

Compare scores with friends on all Sporcle quizzes.
OR
Log In

You Might Also Like...

Show Comments

Extras

Created Dec 24, 2019ReportNominate
Tags:induce, les

Top Quizzes Today


Score Distribution

Your Account Isn't Verified!

In order to create a playlist on Sporcle, you need to verify the email address you used during registration. Go to your Sporcle Settings to finish the process.

Report this User

Report this user for behavior that violates our Community Guidelines.

Details: